000 01287cam a2200385 a 4500
001 16158770
003 OSt
005 20260410070654.0
008 100329s2011 nyua b 001 0 eng
010 _a 2010012690
020 _a9780415587273
020 _a9780415587310
_qpbk.
020 _a9780203842256
_qebk.
035 _a16158770
040 _aDLC
_cDLC
_dDLC
043 _ad------
050 0 0 _aHD75
_b.C647 2011
082 0 0 _a338.9109172/4
_222
100 1 _aCollier, Paul.
245 1 0 _aConflict, political accountability, and aid /
_cPaul Collier.
260 _aNew York, NY :
_bRoutledge,
_c2011.
300 _axx, 388 p. :
_bill. ;
_c25 cm.
336 _atext
_btxt
_2rdacontent
337 _aunmediated
_bn
_2rdamedia
338 _avolume
_bnc
_2rdacarrier
504 _aIncludes bibliographical references and index.
650 0 _aDevelopment economics.
650 0 _aEconomic assistance
_zDeveloping countries.
650 0 _aCivil War
_xEconomic aspects
_zDeveloping countries.
650 0 _aDemocracy
_zDeveloping countries.
906 _a7
_bcbc
_corignew
_d1
_eecip
_f20
_gy-gencatlg
942 _2lcc
_cBK
_n0
999 _c23684
_d23683